[Event "Caribbean-ch U14"]
[Site "San Salvador"]
[Date "2021.11.27"]
[Round "7"]
[White "Burgos, Bryan Daniel"]
[Black "Gonzalez Aguero, Ignacio"]
[Result "1/2-1/2"]
[WhiteElo "1464"]
[BlackElo "1278"]
[PlyCount "99"]
[EventDate "2021.11.27"]
[EventType "swiss"]
[EventRounds "9"]
[EventCountry "ESA"]
[SourceTitle "EXT 2023"]
[Source "ChessBase"]
[SourceDate "2022.10.05"]
[SourceVersion "1"]
[SourceVersionDate "2022.10.05"]
[SourceQuality "1"]
[WhiteTeam "El Salvador"]
[BlackTeam "Costa Rica"]
[WhiteTeamCountry "ESA"]
[BlackTeamCountry "CRI"]

1. e4 g6 2. d4 Bg7 3. g3 d6 4. Bg2 Nd7 5. f4 e5 6. d5 Nc5 7. b4 Nd7 8. Bb2 Ngf6 9. c4 0-0 10. Ne2 Re8 11. Nd2 Nh5 12. 0-0 a6 13. Qc2 Nhf6 14. Rf2 Ng4 15. Rf3 Ndf6 16. h3 Nh6 17. fxe5 dxe5 18. c5 Nd7 19. g4 Kh8 20. Raf1 f6 21. Nc4 Ng8 22. d6 b5 23. dxc7 Qxc7 24. Nd6 Rf8 25. Qb3 Nxc5 26. bxc5 Qxc5+ 27. Kh1 Qxd6 28. Rd3 Qb6 29. Nc3 Qc6 30. Rc1 Qb7 31. Nd5 Bh6 32. Rc7 Qb8 33. h4 Bxg4 34. Rdc3 Ra7 35. Rxa7 Qxa7 36. Rc7 Qf2 37. Qc3 Qxh4+ 38. Kg1 Bg7 39. Ne7 Nxe7 40. Rxe7 f5 41. Qc7 Qh6 42. Rxg7 Qe3+ 43. Kh2 Qf4+ 44. Kh1 Qh6+ 45. Kg1 fxe4 46. Bxe5 Qe3+ 47. Kh2 Qh6+ 48. Kg1 Qe3+ 49. Kh2 Qh6+ 50. Kg1 1/2-1/2

[Event "Caribbean-ch U14"]
[Site "San Salvador"]
[Date "2021.11.27"]
[Round "2"]
[White "Gonzalez Aguero, Ignacio"]
[Black "Monge Ramirez, Abigail"]
[Result "1-0"]
[WhiteElo "1278"]
[BlackElo "1079"]
[PlyCount "61"]
[EventDate "2021.11.27"]
[EventType "swiss"]
[EventRounds "9"]
[EventCountry "ESA"]
[SourceTitle "EXT 2023"]
[Source "ChessBase"]
[SourceDate "2022.10.05"]
[SourceVersion "1"]
[SourceVersionDate "2022.10.05"]
[SourceQuality "1"]
[WhiteTeam "Costa Rica"]
[BlackTeam "Costa Rica"]
[WhiteTeamCountry "CRI"]
[BlackTeamCountry "CRI"]

1. e4 e6 2. d4 d5 3. exd5 exd5 4. Nf3 Nf6 5. Nc3 Bd6 6. Be2 0-0 7. 0-0 Bf5 8. Nb5 Be7 9. Bf4 Na6 10. a3 c6 11. Nc3 Nc7 12. Ne5 Nd7 13. Bg4 f6 14. Nd3 Bg6 15. Re1 Re8 16. Qf3 Rc8 17. Qh3 f5 18. Bxf5 Bxf5 19. Qxf5 Rf8 20. Qg4 Nf6 21. Qe2 Ne4 22. Nxe4 Rxf4 23. Nxf4 dxe4 24. Qxe4 Bd6 25. Ne6 Nxe6 26. Qxe6+ Kh8 27. Re2 Bf8 28. Rae1 Rc7 29. Qf5 Re7 30. Rxe7 Bxe7 31. Qf7 1-0